MAASAI MARA UNIVERSITY

LIBRARY CATALOGUE

Contact Us: +254 020 2685356/7 or 0774 057787

Box: 861-20500, NAROK, KENYA

Email: info@mmarau.ac.ke

Nurse's drug handbook: (Record no. 16533)

MARC details
000 -LEADER
fixed length control field 01150nam a22003497a 4500
003 - CONTROL NUMBER IDENTIFIER
control field OSt
005 - DATE AND TIME OF LATEST TRANSACTION
control field 20220117024122.0
008 - FIXED-LENGTH DATA ELEMENTS--GENERAL INFORMATION
fixed length control field 160224b xxu||||| |||| 00| 0 eng d
010 ## - LIBRARY OF CONGRESS CONTROL NUMBER
LC control number 82016109
020 ## - INTERNATIONAL STANDARD BOOK NUMBER
International Standard Book Number 0471096601 (pbk.) :
Terms of availability $15.95
020 ## - INTERNATIONAL STANDARD BOOK NUMBER
International Standard Book Number 047109661X (hard) :
Terms of availability $28.50 (est.)
040 ## - CATALOGING SOURCE
Original cataloging agency MMU
Transcribing agency MMU
Modifying agency MMU
Language of cataloging eng
050 00 - LIBRARY OF CONGRESS CALL NUMBER
Classification number RT637 .S496 2008
060 ## - NATIONAL LIBRARY OF MEDICINE CALL NUMBER
Classification number QV 55 L824n
082 00 - DEWEY DECIMAL CLASSIFICATION NUMBER
Classification number 615.5/8
Edition number 19
100 1# - MAIN ENTRY--PERSONAL NAME
Personal name Spratto, George R.
245 14 - TITLE STATEMENT
Title Nurse's drug handbook:
Statement of responsibility, etc. George Spratto,
Remainder of title the information standard for prescription drugs and nursing considerations/
260 ## - PUBLICATION, DISTRIBUTION, ETC. (IMPRINT)
Place of publication, distribution, etc. New York :
Name of publisher, distributor, etc. Wiley,
Date of publication, distribution, etc. c2008.
300 ## - PHYSICAL DESCRIPTION
Extent xxvii, 2020 p. :
Dimensions 24 cm.
440 #2 - SERIES STATEMENT/ADDED ENTRY--TITLE
Title A Wiley medical publication
500 ## - GENERAL NOTE
General note Includes index.
504 ## - BIBLIOGRAPHY, ETC. NOTE
Bibliography, etc Bibliography: p. 1059-1062.
650 #0 - SUBJECT ADDED ENTRY--TOPICAL TERM
Topical term or geographic name as entry element Chemotherapy
General subdivision Handbooks, manuals, etc.
650 #0 - SUBJECT ADDED ENTRY--TOPICAL TERM
Topical term or geographic name as entry element Drugs
General subdivision Handbooks, manuals, etc.
650 #0 - SUBJECT ADDED ENTRY--TOPICAL TERM
Topical term or geographic name as entry element Nursing
General subdivision Handbooks, manuals, etc.
650 #2 - SUBJECT ADDED ENTRY--TOPICAL TERM
Topical term or geographic name as entry element Drug therapy
General subdivision Nursing texts.
650 #2 - SUBJECT ADDED ENTRY--TOPICAL TERM
Topical term or geographic name as entry element Drugs
General subdivision Nursing texts.
700 1# - ADDED ENTRY--PERSONAL NAME
Personal name Adrienne, L. Wood
700 1# - ADDED ENTRY--PERSONAL NAME
Personal name .
906 ## - LOCAL DATA ELEMENT F, LDF (RLIN)
a 7
b cbc
c orignew
d 1
e ocip
f 19
g y-gencatlg
942 ## - ADDED ENTRY ELEMENTS (KOHA)
Source of classification or shelving scheme Library of Congress Classification
Koha item type L
Holdings
Withdrawn status Lost status Source of classification or shelving scheme Damaged status Not for loan Home library Current library Date acquired Source of acquisition Total Checkouts Full call number Barcode Date last seen Price effective from Koha item type
    Library of Congress Classification     Maasai Mara University Library -Main Campus Maasai Mara University Library -Main Campus 02/24/2016 Donation   RT637 .S496 2008 201210459 02/24/2016 02/24/2016 L
© 2016 Maasai Mara University.